000 00667nam a22002057a 4500
005 20081020171855.0
008 081020t xxu||||| |||| 00| 0 eng d
010 _aENG-84183
020 _a8175412992
020 _c650.00 (hb)
035 _aEN-67716
082 _a950.13
245 _aAsia annual-2005 /
_cedited by Mahavir Singh
260 _aDelhi
_bShipra Publications
260 _c2005
300 _aix,264p
_c25cm
700 _aMahavir Singh
_ced
942 _2ddc
_cEN
_h950.13
_mASI
999 _c17145
_d17145